| 000 | 01514cam a22004334i 4500 | ||
|---|---|---|---|
| 003 | PE-LiUPU | ||
| 005 | 20250731173313.0 | ||
| 008 | 150625s1996 sp a r 000 0 spa d | ||
| 020 | _a8476459122 | ||
| 035 | _a(Sirsi) i9788476459126 | ||
| 040 |
_aPE-LiUPU _bspa _cPE-LiUPU _erda |
||
| 049 | _aPRUA | ||
| 082 | 0 | 4 |
_a254.5 _bS411d _223 |
| 100 | 1 |
_aSchwarz, Christian A., _eautor. |
|
| 245 | 1 | 0 |
_aDesarrollo natural de la iglesia : _bocho características básicas de una iglesia saludable / _cChristian A. Schwarz. |
| 264 | 1 |
_aEspaña : _bEditorial CLIE, _c1996. |
|
| 300 |
_a253 páginas: _bilustraciones, fotos, mapas, diágramas ; _c24 centímetros. |
||
| 336 |
_atext _2rdacontent |
||
| 337 |
_aunmediated _2rdamedia |
||
| 338 |
_avolume _2rdacarrier |
||
| 505 | 0 | _aOcho características cultivan -- El factor mínimo -- Seis principios bióticos -- Un nuevo modelo de pensamiento -- Diez pasos operativos. | |
| 526 | _aSEG42 | ||
| 526 | _aSEG41 | ||
| 526 | _aSEG40 | ||
| 526 | _aSEG39 | ||
| 526 | _aP94 | ||
| 526 | _aP87 | ||
| 526 | _aP86 | ||
| 526 | _aP85 | ||
| 526 | _aP77 | ||
| 526 | _aP76 | ||
| 526 | _aP35 | ||
| 650 | 0 | 4 | _aCrecimiento de la iglesia |
| 650 | 0 | 4 | _aGrowth of the church |
| 942 |
_2ddc _cBK _n0 |
||
| 949 |
_a254.5 _wDEWEY _c1 _i56105 _d2016-11-2 _e2016-10-30 _lCCODEBUL1 _mBUL _n11 _p9.00 _r0 _sY _tBOOK _u2015-6-25 _xTEOLOGIA _zUNKNOWN _0COMPRA _o.STAFF. Colección teología |
||
| 980 |
_81 _gALBERTO SANCHEZ Responsable de Automatización |
||
| 999 |
_c45300 _d45300 |
||